[Event "Ceske Budejovice op-A"]
[Site "Ceske Budejovice"]
[Date "2022.07.06"]
[Round "6"]
[White "Musil, Vitezslav"]
[Black "Hurtik, Matej"]
[Result "0-1"]
[WhiteElo "1834"]
[BlackElo "2018"]
[PlyCount "58"]
[EventDate "2022.07.01"]
[EventType "swiss"]
[EventRounds "9"]
[EventCountry "CZE"]
[SourceTitle "CBM 209 Extra"]
[Source "ChessBase"]
[SourceDate "2022.09.30"]
[SourceVersion "1"]
[SourceVersionDate "2022.09.30"]
[SourceQuality "1"]

1. e4 d5 2. Nc3 d4 3. Nce2 e5 4. d3 Bb4+ 5. c3 dxc3 6. Nxc3 Nc6 7. Nf3 Bg4 8. Be2 h6 9. 0-0 Nf6 10. a3 Bc5 11. b4 Bxf3 12. Bxf3 Bd4 13. Qb3 0-0 14. Be3 Bxe3 15. fxe3 Qxd3 16. Rfe1 Qd7 17. Rad1 Qe6 18. Nd5 Rfd8 19. Qc3 Ne8 20. b5 Ne7 21. Nxc7 Rdc8 22. Nxe6 Rxc3 23. Rd7 Ng6 24. Bh5 Nf6 25. Rxb7 Nxh5 26. Nc7 Rc8 27. Nd5 Rxa3 28. Rf1 Rc2 29. Rbxf7 Nhf4 0-1

[Event "Prague Menchik Memorial Rapid"]
[Site "Prague"]
[Date "2021.09.28"]
[Round "6"]
[White "Musil, Vitezslav"]
[Black "Barton, Milan"]
[Result "1/2-1/2"]
[WhiteElo "1880"]
[BlackElo "1737"]
[PlyCount "100"]
[EventDate "2021.09.28"]
[EventType "swiss (rapid)"]
[EventRounds "9"]
[EventCountry "CZE"]
[SourceTitle "CBM 204 Extra"]
[Source "ChessBase"]
[SourceDate "2021.11.30"]
[SourceVersion "1"]
[SourceVersionDate "2021.11.30"]
[SourceQuality "1"]

1. e4 e5 2. f4 exf4 3. Nf3 g5 4. Nc3 d6 5. Bc4 c6 6. 0-0 Bg7 7. d4 b5 8. Nxb5 cxb5 9. Bd5 Be6 10. Bxa8 Qb6 11. c3 Bc4 12. Re1 h6 13. Bd5 Ne7 14. b3 Bxd5 15. exd5 Nd7 16. Qe2 Bf6 17. a4 bxa4 18. Rxa4 0-0 19. Rb4 Qd8 20. c4 Nf5 21. Qd3 Ng7 22. Ra4 Qb6 23. Kh1 a5 24. Bd2 Rb8 25. Rxa5 Qxb3 26. Qxb3 Rxb3 27. Ra8+ Kh7 28. Ra7 g4 29. Ng1 Bxd4 30. Bxf4 Bxa7 31. Bxd6 Nf5 32. Bf4 Rb2 33. Ne2 Ne3 34. Bxe3 Bxe3 35. Ng3 Bf2 36. Rc1 Bxg3 37. hxg3 Nc5 38. Rd1 Rb4 39. d6 Nd7 40. c5 Rb5 41. c6 Rh5+ 42. Kg1 Ne5 43. d7 Nxc6 44. d8Q Nxd8 45. Rxd8 Rf5 46. Rd4 h5 47. Rd6 Kg7 48. Ra6 Kh7 49. Rc6 Kg7 50. Ra6 Kh7 1/2-1/2

[Event "Ceske Budejovice op"]
[Site "Ceske Budejovice"]
[Date "2021.07.01"]
[Round "1"]
[White "Musil, Vitezslav"]
[Black "Soural, Jan"]
[Result "0-1"]
[WhiteElo "1918"]
[BlackElo "2236"]
[PlyCount "156"]
[EventDate "2021.07.01"]
[EventType "swiss"]
[EventRounds "9"]
[EventCountry "CZE"]
[SourceTitle "CBM 203 Extra"]
[Source "ChessBase"]
[SourceDate "2021.09.30"]
[SourceVersion "1"]
[SourceVersionDate "2021.09.30"]
[SourceQuality "1"]

1. Nf3 c5 2. e4 Nc6 3. d4 cxd4 4. Nxd4 g6 5. Bc4 Bg7 6. Nxc6 bxc6 7. Qf3 Nf6 8. 0-0 d5 9. exd5 cxd5 10. Nc3 Bg4 11. Bb5+ Kf8 12. Qg3 Bd7 13. Bxd7 Qxd7 14. Bd2 h6 15. Rad1 Kg8 16. Be3 e6 17. Bd4 Kh7 18. Qf3 Ne8 19. Bxg7 Nxg7 20. Ne2 Rac8 21. c3 Rhd8 22. Rfe1 e5 23. Ng3 e4 24. Qf4 f5 25. f3 Qe6 26. Rd4 Qb6 27. Qh4 Ne6 28. Qe7+ Kg8 29. Kh1 Nxd4 30. cxd4 Qxd4 31. fxe4 dxe4 32. Qe6+ Kg7 33. Qe7+ Kh8 34. Ne2 Qg7 35. Nf4 Re8 36. Qd6 g5 37. Nh5 Red8 38. Qe6 Qf8 39. Qe5+ Kh7 40. Nf6+ Kg6 41. Nd7 Rxd7 42. Qe6+ Qf6 43. Qxd7 Rd8 44. Qxa7 Qxb2 45. Qa6+ Qf6 46. Qe2 Qd4 47. g4 f4 48. Qa6+ Qd6 49. Qxd6+ Rxd6 50. Rxe4 Rd1+ 51. Kg2 Rd2+ 52. Kf3 Rd3+ 53. Kf2 Rh3 54. Kg2 Ra3 55. Re6+ Kg7 56. Re7+ Kf6 57. Rh7 Kg6 58. Rb7 Rxa2+ 59. Kh3 Ra6 60. Rb8 Kf6 61. Rb5 Ke6 62. Rc5 Rd6 63. Kg2 Rd2+ 64. Kh3 Rd5 65. Rc6+ Ke5 66. Rxh6 Ke4 67. Re6+ Kf3 68. Re5 Rd3 69. Rxg5 Ke2+ 70. Kh4 f3 71. Rf5 f2 72. Rxf2+ Kxf2 73. g5 Kf3 74. Kh5 Kf4 75. h4 Kf5 76. Kh6 Rg3 77. Kg7 Rg4 78. Kf7 Ra4 0-1

[Event "Ceske Budejovice op-A"]
[Site "Ceske Budejovice"]
[Date "2020.07.08"]
[Round "8"]
[White "Musil, Vitezslav"]
[Black "Steinbauer, Sebastian"]
[Result "1-0"]
[WhiteElo "1904"]
[BlackElo "1561"]
[PlyCount "21"]
[EventDate "2020.07.01"]
[EventType "swiss"]
[EventRounds "9"]
[EventCountry "CZE"]
[SourceTitle "CBM 197 Extra"]
[Source "ChessBase"]
[SourceDate "2020.09.30"]
[SourceVersion "1"]
[SourceVersionDate "2020.09.30"]
[SourceQuality "1"]

1. Nf3 Nf6 2. c4 c5 3. g3 b6 4. Bg2 Bb7 5. Nc3 Qc7 6. d3 e6 7. Bf4 Bd6 8. Nb5 Qc6 9. Nxd6+ Kf8 10. Nh4 Qc7 11. Bxb7 1-0

[Event "Ceske Budejovice op-A"]
[Site "Ceske Budejovice"]
[Date "2020.07.07"]
[Round "7"]
[White "Novak, Vaclav"]
[Black "Musil, Vitezslav"]
[Result "1-0"]
[WhiteElo "1926"]
[BlackElo "1904"]
[PlyCount "105"]
[EventDate "2020.07.01"]
[EventType "swiss"]
[EventRounds "9"]
[EventCountry "CZE"]
[SourceTitle "CBM 197 Extra"]
[Source "ChessBase"]
[SourceDate "2020.09.30"]
[SourceVersion "1"]
[SourceVersionDate "2020.09.30"]
[SourceQuality "1"]

1. d4 Nf6 2. c4 d6 3. Nc3 e5 4. dxe5 dxe5 5. Bg5 Qxd1+ 6. Rxd1 c6 7. Nf3 Nbd7 8. a3 h6 9. Bh4 Bc5 10. e3 0-0 11. Be2 Re8 12. 0-0 a5 13. Rd2 Bb6 14. Rfd1 Nc5 15. Bxf6 gxf6 16. b4 axb4 17. axb4 Ne6 18. Ne4 Kg7 19. Nd6 Rh8 20. Nh4 Ng5 21. Nxc8 Rhxc8 22. Nf5+ Kh7 23. h4 Ne4 24. Rd7 Nc3 25. R1d2 Nxe2+ 26. Rxe2 Rc7 27. Red2 Kg6 28. g4 h5 29. c5 Rxd7 30. Rxd7 Bd8 31. Nd6 b6 32. Nxf7 bxc5 33. Nxd8 cxb4 34. gxh5+ Kxh5 35. Nxc6 b3 36. Rb7 Rc8 37. Na5 Kxh4 38. Nxb3 Rc2 39. Kg2 Kg4 40. Rb4+ Kf5 41. Rb5 Rc7 42. Kf3 Rh7 43. Nd4+ Kg6 44. Ne2 Re7 45. Ng3 Re6 46. e4 Ra6 47. Kg4 Ra2 48. f3 Rg2 49. Rb7 Rg1 50. Kh4 Rg2 51. Nf5 Rh2+ 52. Kg3 Rh8 53. Kg4 1-0

[Event "Ceske Budejovice op-A"]
[Site "Ceske Budejovice"]
[Date "2020.07.03"]
[Round "3"]
[White "Hurtik, Matej"]
[Black "Musil, Vitezslav"]
[Result "1-0"]
[WhiteElo "2047"]
[BlackElo "1904"]
[PlyCount "55"]
[EventDate "2020.07.01"]
[EventType "swiss"]
[EventRounds "9"]
[EventCountry "CZE"]
[SourceTitle "CBM 197 Extra"]
[Source "ChessBase"]
[SourceDate "2020.09.30"]
[SourceVersion "1"]
[SourceVersionDate "2020.09.30"]
[SourceQuality "1"]

1. e4 e6 2. d4 d5 3. Nd2 Nf6 4. e5 Nfd7 5. Bd3 c5 6. c3 Nc6 7. Ne2 f6 8. Nf4 Qe7 9. exf6 Nxf6 10. Nf3 Bd7 11. 0-0 c4 12. Bc2 0-0-0 13. Re1 Re8 14. Ne5 Nxe5 15. dxe5 Ng8 16. b3 Rd8 17. Be3 b6 18. bxc4 dxc4 19. Qf3 Kc7 20. Qe4 Bb5 21. a4 Ba6 22. a5 Kb8 23. axb6 Bb7 24. Qxc4 a6 25. Nxe6 Rc8 26. Nc7 Rxc7 27. bxc7+ Qxc7 28. Ba7+ 1-0